000 00691nam a22001937a 4500
999 _c192025
_d192025
005 20220909105212.0
010 _aUR-11716
020 _a9789393785428
_c500.00
035 _aU-10271
037 _bDBAD/PUB
_a-
082 _a840.08
100 _aشیخ عبد الغنی
245 _aدکن اور دکنیات :
_bتحقیقی و تنقیدی مضا مین /
_cشیخ عبد الغنی
_hا ر د و
246 _aDeccan aur Deccaniyat /
_bby Shaikh Abdul Ghani
260 _aNew Delhi
_bEducational Publishing House
_c2022 ء
270 _aH.o. D1/16, Ansari Road, Darya Ganj
_bNew Delhi
_e110002
300 _a232 ص
_c23cm(Hb)
942 _2ddc
_cUR
_h840.08
_mش ی خ